[Event "XX чемпионат ПФО по шах"]
[Site "Набережные Челн�"]
[Date "2022.03.26"]
[Round "7.18"]
[White "Sosnina, Nadezhda"]
[Black "Kanter, Elizaveta"]
[Result "1-0"]
[WhiteElo "1623"]
[BlackElo "1272"]
[PlyCount "69"]
[EventDate "2022.03.20"]

1. e4 c5 2. Nf3 d6 3. d4 cxd4 4. Nxd4 Nf6 5. Nc3 a6 6. Bc4 e6 7. Bb3 Nbd7 8. f4
Nc5 9. Qf3 Be7 10. f5 O-O 11. g4 b5 12. g5 Nfxe4 13. Nxe4 Bb7 14. f6 Bxe4 15.
fxe7 Qxe7 16. Qf1 Rac8 17. Rg1 d5 18. Bd2 Qc7 19. Qf2 e5 20. Nf5 d4 21. Bb4 a5
22. Bxc5 Qxc5 23. Nh6+ Kh8 24. Nxf7+ Rxf7 25. Bxf7 Qb4+ 26. Qd2 Qxb2 27. Rc1
Rc3 28. Bh5 Bxc2 29. Rg3 d3 30. Bd1 g6 31. Rf3 Kg7 32. Bxc2 Rxc2 33. Rxc2 Qxc2
34. Qxc2 dxc2 35. Rc3 1-0

[Event "XX чемпионат ПФО по шах"]
[Site "Набережные Челн�"]
[Date "2022.03.26"]
[Round "7.19"]
[White "Kamalieva, Azaliya"]
[Black "Fefelova, Ekaterina"]
[Result "1/2-1/2"]
[WhiteElo "1375"]
[BlackElo "1379"]
[PlyCount "95"]
[EventDate "2022.03.20"]

1. d4 d5 2. Bf4 Nf6 3. e3 c5 4. Nd2 e6 5. c3 Nc6 6. Ngf3 Be7 7. Ne5 Bd7 8. Bd3
a6 9. O-O O-O 10. a4 Ne8 11. Re1 Nxe5 12. dxe5 Bc6 13. Qh5 g6 14. Qh6 f5 15.
exf6 Bxf6 16. Nf3 Qe7 17. Bg5 Qg7 18. Qh4 Bxg5 19. Nxg5 Nc7 20. e4 h6 21. Nf3
Rae8 22. Qg3 g5 23. h4 gxh4 24. Qh3 Rf4 25. exd5 Bxd5 26. Ne5 Ref8 27. Re2 Bf3
28. Re3 Bh5 29. Rf1 Kh8 30. Bc4 R8f5 31. Rfe1 Rxf2 32. Nd3 R2f3 33. Rxf3 Rxf3
34. Qxh4 Be8 35. Ne5 Rf5 36. Nd3 Bc6 37. Re2 b5 38. axb5 axb5 39. Ba2 Rg5 40.
Qh2 Nd5 41. Rxe6 h5 42. Rxc6 Ne3 43. Rc8+ Kh7 44. Ne1 Rf5 45. Bg8+ Qxg8 46.
Qc7+ Qg7 47. Qxg7+ Kxg7 48. Nf3 1/2-1/2

[Event "XX чемпионат ПФО по шах"]
[Site "Набережные Челн�"]
[Date "2022.03.26"]
[Round "7.20"]
[White "Puzyreva, Veronika"]
[Black "Guseinova, Vusala"]
[Result "1-0"]
[WhiteElo "1475"]
[BlackElo "1211"]
[PlyCount "64"]
[EventDate "2022.03.20"]

1. Nf3 d6 2. c4 g6 3. Nc3 Bg7 4. d4 e6 5. e3 Ne7 6. Be2 O-O 7. O-O b6 8. b3 Bb7
9. Bb2 Nd7 10. Qc2 Nf5 11. d5 Nh4 12. Rad1 e5 13. Ne4 Nxf3+ 14. Bxf3 f5 15. Nd2
Bc8 16. Be2 Bh6 17. f4 Qe7 18. Rf2 Nf6 19. g3 exf4 20. exf4 Ne4 21. Nxe4 fxe4
22. Re1 e3 23. Rf3 Bg4 24. Qc3 Bg7 25. Qxg7+ Qxg7 26. Bxg7 Kxg7 27. Rxe3 Bxe2
28. R1xe2 a5 29. a4 Rf7 30. Re7 Raf8 31. Kf2 Rxe7 32. Rxe7+ Rf7 1-0

[Event "XX чемпионат ПФО по шах"]
[Site "Набережные Челн�"]
[Date "2022.03.26"]
[Round "7.21"]
[White "Chekina, Anastasiia"]
[Black "Korotaeva, Polina"]
[Result "1-0"]
[WhiteElo "1452"]
[BlackElo "1196"]
[PlyCount "55"]
[EventDate "2022.03.20"]

1. e4 c5 2. Nf3 e6 3. d4 cxd4 4. Nxd4 Nc6 5. Be3 Qc7 6. Nc3 a6 7. a3 Nf6 8. Be2
Be7 9. O-O O-O 10. f4 Bc5 11. b4 Ba7 12. Qd2 Nxd4 13. Bxd4 b5 14. Kh1 Bxd4 15.
Qxd4 Qa7 16. Qd3 Qb6 17. e5 Ne8 18. Bf3 Ra7 19. Ne4 f5 20. Nc5 d6 21. exd6 Nxd6
22. Rfe1 Nc4 23. Nxe6 Re8 24. Ng5 Qd8 25. Bd5+ Be6 26. Bxe6+ Rf7 27. Bxf7+ Kf8
28. Rxe8+ 1-0

[Event "XX чемпионат ПФО по шах"]
[Site "Набережные Челн�"]
[Date "2022.03.27"]
[Round "8.1"]
[White "Shafigullina, Zarina"]
[Black "Goltseva, Ekaterina"]
[Result "1/2-1/2"]
[WhiteElo "2204"]
[BlackElo "2327"]
[PlyCount "84"]
[EventDate "2022.03.20"]

1. d4 d5 2. Nf3 Nf6 3. c4 e6 4. Nc3 dxc4 5. e4 b5 6. e5 Nd5 7. Nxb5 Nb6 8. Be2
Nc6 9. O-O Be7 10. Qd2 Bb7 11. Rd1 Qd7 12. Nc3 Nb4 13. Qf4 N4d5 14. Nxd5 Bxd5
15. Qg3 O-O-O 16. Ne1 Qc6 17. Bd2 h5 18. Rdc1 h4 19. Qh3 Be4 20. Be3 Bf5 21.
Qf3 Qxf3 22. Nxf3 h3 23. g3 Bg4 24. Kf1 Bb4 25. Ng5 Bxe2+ 26. Kxe2 Rd7 27. Ne4
Rd5 28. Rc2 Kb8 29. f4 Rb5 30. a3 Be7 31. Nd2 Rd8 32. Ra2 c5 33. dxc5 Bxc5 34.
Nxc4 Nxc4 35. Rxc4 Bxe3 36. Kxe3 Rbd5 37. b4 g5 38. Rcc2 Rd3+ 39. Ke2 gxf4 40.
gxf4 Rb3 41. Rcb2 Rc3 42. Rc2 Rb3 1/2-1/2

[Event "XX чемпионат ПФО по шах"]
[Site "Набережные Челн�"]
[Date "2022.03.27"]
[Round "8.2"]
[White "Nur-Mukhametova, Alisa"]
[Black "Vysotskaya, Anastasiya"]
[Result "1-0"]
[WhiteElo "2225"]
[BlackElo "2210"]
[PlyCount "65"]
[EventDate "2022.03.20"]

1. d4 Nf6 2. c4 e6 3. Nf3 Bb4+ 4. Nbd2 O-O 5. a3 Be7 6. e4 d6 7. Be2 Nbd7 8.
O-O e5 9. Re1 a5 10. b3 Re8 11. Bb2 exd4 12. Nxd4 Bf8 13. Qc2 Nc5 14. Bf1 Bd7
15. Rad1 g6 16. f3 c6 17. Nb1 Bg7 18. Nc3 Qb6 19. Kh1 Rad8 20. Bc1 d5 21. cxd5
Nxd5 22. Nce2 Na6 23. exd5 c5 24. Bg5 Rc8 25. Ne6 fxe6 26. Nf4 Kh8 27. Nxg6+
hxg6 28. Qxg6 Bb5 29. Re4 Kg8 30. Rh4 Rc7 31. a4 c4 32. axb5 Qxb5 33. dxe6 1-0

[Event "XX чемпионат ПФО по шах"]
[Site "Набережные Челн�"]
[Date "2022.03.27"]
[Round "8.3"]
[White "Shukhman, Anna"]
[Black "Nasyrova, Ekaterina"]
[Result "1-0"]
[WhiteElo "2014"]
[BlackElo "2109"]
[PlyCount "106"]
[EventDate "2022.03.20"]

1. e4 e5 2. Nf3 Nc6 3. Bc4 Bc5 4. b4 Bxb4 5. c3 Bd6 6. d4 Nf6 7. O-O O-O 8. Re1
Rb8 9. a4 b6 10. Nbd2 Bb7 11. Bb5 exd4 12. e5 dxc3 13. Nf1 Be7 14. exf6 Bxf6
15. Rb1 d5 16. Bf4 a6 17. Bd3 Ne7 18. Ne3 Ng6 19. Bg3 Ra8 20. Ng4 Be7 21. Qc2
d4 22. Nge5 Bf6 23. h4 Kh8 24. h5 Nxe5 25. Nxe5 h6 26. Qd1 Bxe5 27. Bxe5 Qg5
28. f3 Rac8 29. Bc2 Qxh5 30. Qxd4 f6 31. Qd3 f5 32. Qxc3 Qg5 33. Rbd1 Rf7 34.
Bb3 Re7 35. Bd5 Bxd5 36. Rxd5 Rce8 37. f4 Qg6 38. Qd3 Kh7 39. Qxa6 Qg3 40. Red1
h5 41. Qd3 Qxd3 42. R1xd3 g5 43. g3 h4 44. gxh4 gxf4 45. Bxf4 Re1+ 46. Kf2
R1e2+ 47. Kf3 Kg6 48. Bxc7 R2e4 49. R5d4 Ra8 50. Bf4 Rxa4 51. Rxa4 Rxa4 52.
Rd6+ Kf7 53. Rxb6 Ra8 1-0

[Event "XX чемпионат ПФО по шах"]
[Site "Набережные Челн�"]
[Date "2022.03.27"]
[Round "8.4"]
[White "Kuznetsova, Polina"]
[Black "Testova, Nika"]
[Result "1/2-1/2"]
[WhiteElo "1835"]
[BlackElo "1674"]
[PlyCount "94"]
[EventDate "2022.03.20"]

1. e4 c5 2. Nf3 d6 3. d4 cxd4 4. Nxd4 Nf6 5. Nc3 a6 6. a4 e5 7. Nf3 h6 8. Bc4
Qc7 9. Qe2 Be6 10. Ba2 Bxa2 11. Rxa2 Nc6 12. O-O Rc8 13. Ra1 Nb4 14. Ne1 Qc4
15. Nd3 Nc6 16. f3 Nd4 17. Qf2 Be7 18. Be3 O-O 19. a5 Bd8 20. Ra4 Qc6 21. Bxd4
exd4 22. Qxd4 b6 23. Nb4 Qd7 24. Nbd5 Nxd5 25. Nxd5 b5 26. Raa1 Rxc2 27. b4 Rc4
28. Qe3 Qc6 29. Rac1 Bg5 30. f4 Bf6 31. Rfd1 Re8 32. Rxc4 Qxc4 33. Nxf6+ gxf6
34. Rd4 Qc6 35. h3 Kh7 36. Qf3 Rg8 37. Kh2 Rc8 38. Qd3 Qc3 39. Qxc3 Rxc3 40.
Rxd6 Rc4 41. Rxa6 Rxe4 42. Rxf6 Kg7 43. Rb6 Rxb4 44. Kg3 Rb2 45. Kf3 b4 46. a6
Ra2 47. Rxb4 Rxa6 1/2-1/2

[Event "XX чемпионат ПФО по шах"]
[Site "Набережные Челн�"]
[Date "2022.03.27"]
[Round "8.5"]
[White "Iljushina, Olga"]
[Black "Nosacheva, Mariya"]
[Result "1/2-1/2"]
[WhiteElo "2054"]
[BlackElo "2244"]
[PlyCount "124"]
[EventDate "2022.03.20"]

1. d4 Nf6 2. c4 g6 3. Nc3 Bg7 4. e4 d6 5. h3 O-O 6. Be3 Na6 7. Nf3 c6 8. Bd3 e5
9. O-O exd4 10. Nxd4 Re8 11. f3 Nh5 12. Qd2 Qe7 13. Nde2 Nc5 14. Bc2 Be6 15. b3
Rad8 16. Bg5 Bf6 17. Bxf6 Qxf6 18. f4 Bc8 19. Rad1 a5 20. a3 Qh4 21. Qd4 Ng7
22. f5 Nh5 23. Qf2 Qxf2+ 24. Rxf2 g5 25. g4 Nf6 26. Ng3 Kf8 27. Rfd2 Ke7 28.
Kf2 Rh8 29. Kg2 h6 30. Nce2 Rd7 31. Nd4 h5 32. gxh5 Nxh5 33. Nxh5 Rxh5 34. b4
axb4 35. axb4 Na6 36. b5 cxb5 37. Nxb5 Rh6 38. Nc3 Nc7 39. Ba4 Rd8 40. c5 Na6
41. Nd5+ Kf8 42. cxd6 Nc5 43. Bc2 Rhxd6 44. e5 R6d7 45. Kf3 b5 46. Ke3 Bb7 47.
Nf6 Rxd2 48. Rxd2 Rxd2 49. Kxd2 Kg7 50. Kc3 Na6 51. Be4 Bc8 52. Ne8+ Kf8 53.
Nd6 Bd7 54. Bd5 Nc7 55. Bb3 Ne8 56. Nxf7 Bxf5 57. Nxg5 Ke7 58. h4 Bg4 59. Kd2
Ng7 60. Bd1 Bxd1 61. Kxd1 Ne6 62. Kc2 Nd4+ 1/2-1/2

[Event "XX чемпионат ПФО по шах"]
[Site "Набережные Челн�"]
[Date "2022.03.27"]
[Round "8.6"]
[White "Matveeva, Olga"]
[Black "Kulkova, Dina"]
[Result "1-0"]
[WhiteElo "2171"]
[BlackElo "1501"]
[PlyCount "81"]
[EventDate "2022.03.20"]

1. Nf3 d5 2. d4 Nf6 3. c4 e6 4. g3 Be7 5. Bg2 O-O 6. O-O b6 7. cxd5 exd5 8. Nc3
Bb7 9. Ne5 Nbd7 10. Qa4 Nxe5 11. dxe5 Nd7 12. Nxd5 Nc5 13. Qd4 c6 14. Nxe7+
Qxe7 15. Qd6 Rfe8 16. Qxe7 Rxe7 17. f4 Rd8 18. Be3 Na4 19. Rfd1 Red7 20. Rxd7
Rxd7 21. Rc1 Nxb2 22. Bxc6 Bxc6 23. Rxc6 Kf8 24. f5 Rd5 25. f6 gxf6 26. exf6
Ke8 27. Rc2 Na4 28. Rc7 Rd7 29. Rc8+ Rd8 30. Rc4 Nb2 31. Re4+ Kf8 32. Re7 Ra8
33. Rc7 Na4 34. Bd4 a6 35. Rb7 b5 36. Kf2 Ke8 37. g4 Rd8 38. e3 Rd7 39. Rb8+
Rd8 40. Rxd8+ Kxd8 41. g5 1-0

[Event "XX чемпионат ПФО по шах"]
[Site "Набережные Челн�"]
[Date "2022.03.27"]
[Round "8.7"]
[White "Nagaeva, Aliia"]
[Black "Yakimova, Mariya"]
[Result "1-0"]
[WhiteElo "1680"]
[BlackElo "2198"]
[PlyCount "119"]
[EventDate "2022.03.20"]

1. e4 c5 2. Nf3 Nc6 3. d4 cxd4 4. Nxd4 Qb6 5. Nb3 Nf6 6. Nc3 e6 7. Be3 Qc7 8.
a3 a6 9. f4 d6 10. Be2 b5 11. Bf3 Bb7 12. O-O Be7 13. Qe1 O-O 14. Qg3 Kh8 15.
Kh1 Rac8 16. Qh3 b4 17. axb4 Nxb4 18. Rf2 e5 19. fxe5 dxe5 20. Rg1 Qb8 21. Bg5
Ba8 22. Bxf6 Bxf6 23. Bg4 Rc6 24. Rgf1 Qd8 25. Nc5 Rg8 26. Nd7 Rd6 27. Nxf6
gxf6 28. Bf5 Rg7 29. Qf3 Nc6 30. Ne2 Ne7 31. Ng3 Rd4 32. Qb3 Bc6 33. c3 Rd2 34.
Rxd2 Qxd2 35. Rd1 Qf2 36. Qb8+ Ng8 37. Rf1 Qd2 38. Qc8 Ba4 39. Qxa6 Bd1 40. Qa1
Bb3 41. Qc1 Qd6 42. Bh3 Rg5 43. Qe3 Ne7 44. Nf5 Qa6 45. Re1 Ng6 46. g3 Nf8 47.
Bf1 Qb7 48. Bg2 Be6 49. b4 Nd7 50. Ra1 Nb6 51. Qd2 Bxf5 52. Qd8+ Kg7 53. exf5
e4 54. Qd4 Qc7 55. Bxe4 Rg4 56. Re1 Nc4 57. Qc5 Qxc5 58. bxc5 Nd2 59. Bd5 Nc4
60. h3 1-0

[Event "XX чемпионат ПФО по шах"]
[Site "Набережные Челн�"]
[Date "2022.03.27"]
[Round "8.8"]
[White "Ivanova, Arina"]
[Black "Sautina, Elizaveta"]
[Result "0-1"]
[WhiteElo "1660"]
[BlackElo "1629"]
[PlyCount "86"]
[EventDate "2022.03.20"]

1. d4 d5 2. c4 c6 3. Nc3 e6 4. e4 dxe4 5. Nxe4 Bb4+ 6. Nc3 c5 7. Nf3 cxd4 8.
Nxd4 Bxc3+ 9. bxc3 Ne7 10. Bf4 O-O 11. Nb5 Na6 12. Bd3 Bd7 13. Nd6 Bc6 14. O-O
Ng6 15. Bg3 Qf6 16. Be4 Bxe4 17. Nxe4 Qd8 18. Bd6 Re8 19. c5 Qd7 20. Qd4 Qc6
21. Rfd1 Rad8 22. Qe3 Nh4 23. f3 h6 24. Qf4 Ng6 25. Qg3 Kh7 26. Qf2 Rc8 27.
Rab1 f5 28. Nd2 b5 29. cxb6 Qxd6 30. Nc4 Qc5 31. Nd6 axb6 32. Nxe8 Rxe8 33.
Rxb6 Qxf2+ 34. Kxf2 Nc5 35. Rc6 Na4 36. Rb1 Ra8 37. Ke3 Ra7 38. Kd4 Rd7+ 39.
Ke3 Rd5 40. c4 f4+ 41. Kf2 Rd2+ 42. Ke1 Rxg2 43. Rb4 Nc3 0-1

[Event "XX чемпионат ПФО по шах"]
[Site "Набережные Челн�"]
[Date "2022.03.27"]
[Round "8.9"]
[White "Maltseva, Aleksandra"]
[Black "Sirotkina, Elizaveta"]
[Result "1-0"]
[WhiteElo "1498"]
[BlackElo "1269"]
[PlyCount "91"]
[EventDate "2022.03.20"]

1. e4 c5 2. Nf3 Nc6 3. d4 cxd4 4. Nxd4 g6 5. Be3 Bg7 6. c3 Nf6 7. Bd3 d5 8.
Nxc6 bxc6 9. Nd2 O-O 10. f3 Qc7 11. O-O Rb8 12. Qc2 Nd7 13. f4 Nf6 14. Rae1 c5
15. b3 e6 16. h3 Bb7 17. e5 Nd7 18. Nf3 a5 19. Ng5 Qc6 20. Qe2 Ba8 21. Bd2 Qb6
22. Kh2 Bc6 23. h4 a4 24. Bc2 axb3 25. axb3 Ra8 26. h5 Bb5 27. c4 dxc4 28. bxc4
Ba4 29. Bd3 Bh6 30. hxg6 fxg6 31. Nxh7 Kxh7 32. Qh5 Rf5 33. Bxf5 exf5 34. Qh4
Qe6 35. Ra1 Nb6 36. Rf3 Rh8 37. Rh3 Kg7 38. Ba5 Be8 39. Qf6+ Qxf6 40. exf6+
Kxf6 41. Bc3+ Kf7 42. Ra7+ Bd7 43. Bxh8 Bxf4+ 44. g3 Bb8 45. Rb7 f4 46. Rxb8
1-0

[Event "XX чемпионат ПФО по шах"]
[Site "Набережные Челн�"]
[Date "2022.03.27"]
[Round "8.10"]
[White "Galieva, Alina"]
[Black "Kalashnikova, Elena"]
[Result "0-1"]
[WhiteElo "1272"]
[BlackElo "1659"]
[PlyCount "50"]
[EventDate "2022.03.20"]

1. b3 d5 2. Bb2 Nf6 3. d4 e6 4. Nf3 Nbd7 5. e3 c5 6. Bd3 Qc7 7. Nbd2 Bd6 8. O-O
O-O 9. dxc5 Bxc5 10. c4 b6 11. Rc1 Qd8 12. a3 a5 13. cxd5 exd5 14. Nd4 Ne5 15.
Be2 Qe7 16. a4 Bd7 17. N2f3 Rfe8 18. Rc2 Neg4 19. Nb5 Bf5 20. Bxf6 Bxc2 21.
Bxe7 Bxd1 22. Rxd1 Rxe7 23. Rxd5 Nf6 24. Re5 Rxe5 25. Nxe5 Rd8 0-1

[Event "XX чемпионат ПФО по шах"]
[Site "Набережные Челн�"]
[Date "2022.03.27"]
[Round "8.11"]
[White "Tabermakova, Leila"]
[Black "Ivanaeva, Alina"]
[Result "1-0"]
[WhiteElo "1591"]
[BlackElo "1871"]
[PlyCount "101"]
[EventDate "2022.03.20"]

1. e4 e5 2. Nf3 Nc6 3. Bb5 a6 4. Ba4 Nf6 5. O-O Be7 6. Re1 b5 7. Bb3 d6 8. c3
O-O 9. h3 Na5 10. Bc2 c5 11. d4 Qc7 12. Nbd2 cxd4 13. cxd4 Nc6 14. d5 Nb4 15.
Bb1 a5 16. Nf1 Na6 17. Ng3 Nc5 18. Nh2 a4 19. f4 Re8 20. fxe5 dxe5 21. Be3 Bd7
22. Bd3 Nxd3 23. Qxd3 Qc4 24. Qb1 Rec8 25. Nf3 Bd6 26. Rc1 Qb4 27. Bd2 Rxc1+
28. Qxc1 Qc4 29. Qxc4 bxc4 30. Bc3 a3 31. Nxe5 Bb5 32. Kf2 Re8 33. Nf3 axb2 34.
Bxb2 c3 35. Bc1 Nxe4+ 36. Nxe4 Rxe4 37. Be3 Ba3 38. Rb1 Bb2 39. Ne1 f5 40. Kf3
Kf7 41. Bc5 Bc4 42. d6 Ke6 43. Nc2 Bd3 44. d7 Be2+ 45. Kf2 Kxd7 46. Nd4 Bh5 47.
Re1 Bf7 48. Rd1 Ke8 49. Nb5 Rf4+ 50. Kg3 Ra4 51. Nc7# 1-0

[Event "XX чемпионат ПФО по шах"]
[Site "Набережные Челн�"]
[Date "2022.03.27"]
[Round "8.12"]
[White "Kayumova, Karina"]
[Black "Maltseva, Elizaveta"]
[Result "0-1"]
[WhiteElo "1290"]
[BlackElo "1547"]
[PlyCount "64"]
[EventDate "2022.03.20"]

1. e4 d5 2. exd5 Qxd5 3. Nc3 Qd8 4. Bc4 Nf6 5. Nf3 Bf5 6. d4 e6 7. Bg5 c6 8.
O-O Be7 9. Ne2 O-O 10. Ng3 Bg4 11. c3 Qa5 12. Bxf6 Bxf6 13. h3 Bxf3 14. Qxf3
Nd7 15. Ne4 Be7 16. Rfe1 Nf6 17. Nxf6+ Bxf6 18. Re4 Rad8 19. Rae1 Kh8 20. Rf4
Qg5 21. Qe4 Be7 22. Re3 f5 23. Qxe6 Qxf4 24. Qxe7 b5 25. Bd3 Qb8 26. Rg3 g6 27.
h4 Rde8 28. Qd7 Re1+ 29. Kh2 Qd8 30. Qxa7 Qxh4+ 31. Rh3 Qf4+ 32. Rg3 Qxf2 0-1

[Event "XX чемпионат ПФО по шах"]
[Site "Набережные Челн�"]
[Date "2022.03.27"]
[Round "8.13"]
[White "Tazetdinova, Adelya"]
[Black "Aminova, Zarina"]
[Result "0-1"]
[WhiteElo "1490"]
[BlackElo "1393"]
[PlyCount "106"]
[EventDate "2022.03.20"]

1. e4 c6 2. d4 d5 3. e5 Bf5 4. Nd2 e6 5. Nb3 Nd7 6. Nf3 a6 7. Bd2 c5 8. dxc5
Bxc5 9. Nxc5 Nxc5 10. Be2 Ne7 11. O-O O-O 12. Nd4 Be4 13. Bg5 h6 14. Bh4 Qc7
15. f3 Bh7 16. c3 Rfe8 17. f4 Qb6 18. Qc1 Ne4 19. Bxe7 Rxe7 20. Bd3 Rc8 21.
Bxe4 Bxe4 22. Qd2 Qc5 23. Kh1 b5 24. a4 Rec7 25. axb5 axb5 26. Ra5 Qc4 27. Rc1
Rc5 28. Qe3 Qd3 29. Qxd3 Bxd3 30. Rd1 Bg6 31. Nb3 Rc4 32. Rxb5 Rxf4 33. Nd4 Re4
34. Rb6 Ra8 35. Nc6 Re2 36. Ne7+ Kh7 37. Nxg6 Kxg6 38. Rb5 Ra2 39. Rb1 Kf5 40.
Rb7 Kxe5 41. Rxf7 Raxb2 42. Rg1 g5 43. Rh7 Rbc2 44. Rxh6 Rxc3 45. Rf1 Rcc2 46.
g3 d4 47. Rh5 Ke4 48. Rh6 e5 49. Rh3 d3 50. g4 d2 51. Ra3 Re1 52. Ra4+ Ke3 53.
Kg2 d1=Q+ 0-1

[Event "XX чемпионат ПФО по шах"]
[Site "Набережные Челн�"]
[Date "2022.03.27"]
[Round "8.14"]
[White "Miftakhova, Azalia"]
[Black "Yusupova, Adel"]
[Result "1-0"]
[WhiteElo "1638"]
[BlackElo "1328"]
[PlyCount "83"]
[EventDate "2022.03.20"]

1. e4 c5 2. Nf3 Nc6 3. d4 cxd4 4. Nxd4 Nf6 5. Nc3 e5 6. Ndb5 d6 7. Nd5 Nxd5 8.
exd5 Ne7 9. c4 Ng6 10. Bd3 a6 11. Nc3 Be7 12. Qh5 O-O 13. O-O f5 14. Re1 e4 15.
Bf1 Ne5 16. Qd1 Bd7 17. Qb3 Qe8 18. Bf4 Bf6 19. Qxb7 g5 20. Bxe5 Bxe5 21. Rab1
Rb8 22. Qxa6 Qh5 23. g3 f4 24. Nxe4 fxg3 25. Nxg3 Qf3 26. Qa7 Bxg3 27. fxg3 Bf5
28. Bg2 Qg4 29. Rbd1 Rxb2 30. Qa3 Bc2 31. Qxb2 Bxd1 32. h3 Qxg3 33. Rxd1 Qe3+
34. Kh1 Rf2 35. Qd4 Qe2 36. Rg1 Qxa2 37. Qg4 h6 38. Qe6+ Kg7 39. Qe7+ Kg8 40.
Qxd6 Qxc4 41. Qg6+ Kf8 42. Qxh6+ 1-0

[Event "XX чемпионат ПФО по шах"]
[Site "Набережные Челн�"]
[Date "2022.03.27"]
[Round "8.15"]
[White "Mullina, Almira"]
[Black "Stakina, Melissa"]
[Result "0-1"]
[WhiteElo "1304"]
[BlackElo "1526"]
[PlyCount "120"]
[EventDate "2022.03.20"]

1. d4 f5 2. c4 Nf6 3. Nc3 e6 4. g3 d5 5. Bg2 c6 6. Nf3 Bd6 7. O-O O-O 8. b3
Nbd7 9. a4 Qe7 10. Bb2 Ne4 11. Nd2 Qg5 12. Ndxe4 fxe4 13. e3 Nf6 14. Ba3 Bxa3
15. Rxa3 Bd7 16. Qe2 Be8 17. Bh3 Bh5 18. Qd2 Rae8 19. Bg2 Bf3 20. h3 Nh5 21.
Kh2 Bxg2 22. Kxg2 Rf3 23. Ne2 Ref8 24. Raa1 R8f6 25. Qb4 Qf5 26. Qe1 Rh6 27.
Ng1 Nf6 28. Qe2 Qh5 29. h4 Rf5 30. Qxh5 Rfxh5 31. Nh3 Rf5 32. c5 Ng4 33. Rab1
Rhf6 34. b4 a6 35. Nf4 e5 36. dxe5 Nxe5 37. b5 axb5 38. axb5 h6 39. bxc6 bxc6
40. Rb8+ Rf8 41. Rfb1 g5 42. Rxf8+ Kxf8 43. hxg5 hxg5 44. Ne6+ Ke7 45. Nd4 Rf6
46. Rf1 Nd3 47. f3 Nxc5 48. Kg1 exf3 49. Nxf3 Ne4 50. g4 c5 51. Kg2 c4 52. Rd1
Kd6 53. Ra1 c3 54. Nd4 Kc5 55. Ra8 Kc4 56. Rc8+ Kd3 57. Rd8 Rd6 58. Rc8 Ra6 59.
Rd8 Ra2+ 60. Kg1 c2 0-1

[Event "XX чемпионат ПФО по шах"]
[Site "Набережные Челн�"]
[Date "2022.03.27"]
[Round "8.16"]
[White "Mokeeva, Zlata"]
[Black "Sosnina, Nadezhda"]
[Result "0-1"]
[WhiteElo "1265"]
[BlackElo "1623"]
[PlyCount "132"]
[EventDate "2022.03.20"]

1. e4 c5 2. Nf3 Nc6 3. d4 cxd4 4. Nxd4 g6 5. c4 Bg7 6. Be3 Nf6 7. Nc3 d6 8. f3
O-O 9. Be2 Bd7 10. Qd2 Nxd4 11. Bxd4 Bc6 12. O-O Nd7 13. Be3 a5 14. Rac1 Nc5
15. b3 e6 16. Nb5 Be5 17. Rfd1 Qh4 18. g3 Bxg3 19. hxg3 Qxg3+ 20. Kf1 Nxe4 21.
fxe4 f5 22. Bd3 fxe4+ 23. Ke2 Qf3+ 24. Ke1 exd3 25. Qxd3 Be4 26. Qe2 Qxe2+ 27.
Kxe2 Bf3+ 28. Kd3 Bxd1 29. Rxd1 d5 30. cxd5 exd5 31. Nc7 Rac8 32. Nxd5 Rcd8 33.
Kc4 Kf7 34. Bh6 Rc8+ 35. Kb5 Rfd8 36. Bg5 Rd6 37. Rf1+ Ke6 38. Nb6 Rcc6 39.
Rf6+ Ke7 40. Rxg6+ Kf7 41. Rxd6 Rxd6 42. Kxa5 h5 43. Kb5 Kg6 44. Be7 Re6 45.
Bd8 Re8 46. Bc7 h4 47. Nd5 Kf5 48. Kc4 Re1 49. Bb8 h3 50. a4 Re8 51. Bh2 Re2
52. Bd6 Rd2 53. Bb8 Ke4 54. Nf6+ Kf3 55. Kc3 Rd8 56. Be5 Rf8 57. Nh7 Rf5 58.
Bb8 Kg4 59. b4 Rf7 60. b5 Rxh7 61. a5 Rf7 62. a6 bxa6 63. bxa6 Rf6 64. a7 Ra6
65. Kd3 Kf3 66. Kd2 Rxa7 0-1

[Event "XX чемпионат ПФО по шах"]
[Site "Набережные Челн�"]
[Date "2022.03.27"]
[Round "8.17"]
[White "Chepovetskaya, Sofya"]
[Black "Puzyreva, Veronika"]
[Result "0-1"]
[WhiteElo "1369"]
[BlackElo "1475"]
[PlyCount "100"]
[EventDate "2022.03.20"]

1. Nf3 d6 2. c4 e5 3. Nc3 Nc6 4. g3 g6 5. Bg2 Bg7 6. O-O f5 7. d3 Nf6 8. Rb1
O-O 9. b4 h6 10. a4 g5 11. Nd2 Kh8 12. b5 Ne7 13. a5 Rb8 14. Ba3 b6 15. a6 Be6
16. Qb3 Qd7 17. Nd5 f4 18. Rbc1 Nf5 19. Nf3 g4 20. Nxe5 dxe5 21. Bxf8 Rxf8 22.
Nb4 Nd4 23. Qd1 f3 24. exf3 gxf3 25. Bxf3 Nxf3+ 26. Qxf3 Nd5 27. Qxf8+ Bxf8 28.
Nxd5 Bh3 29. Rfe1 Qf5 30. Re3 Bc5 31. Rce1 Bxe3 32. Rxe3 Qg4 33. f3 Qd4 34. Kf2
Bf5 35. f4 Bg4 36. fxe5 Qb2+ 37. Kf1 Qc1+ 38. Re1 Qd2 39. Nf4 Qxh2 40. Re3 Bh3+
41. Nxh3 Qxh3+ 42. Kf2 Kg7 43. e6 Kf8 44. Kf3 h5 45. Re4 Qf1+ 46. Ke3 Qg2 47.
Rf4+ Ke7 48. Rf3 Kxe6 49. Ke4 Qe2+ 50. Re3 Qg4# 0-1

[Event "XX чемпионат ПФО по шах"]
[Site "Набережные Челн�"]
[Date "2022.03.27"]
[Round "8.18"]
[White "Fefelova, Ekaterina"]
[Black "Chekina, Anastasiia"]
[Result "1/2-1/2"]
[WhiteElo "1379"]
[BlackElo "1452"]
[PlyCount "84"]
[EventDate "2022.03.20"]

1. e4 e5 2. Nf3 Nc6 3. Bc4 Bc5 4. c3 Nf6 5. d4 exd4 6. e5 d5 7. Bb5 Ne4 8. cxd4
Bb4+ 9. Bd2 Nxd2 10. Nbxd2 O-O 11. O-O Bg4 12. Qa4 Bxd2 13. Nxd2 Qg5 14. f4 Qh6
15. Bxc6 bxc6 16. Rac1 Bd7 17. Rc3 Rfb8 18. Qc2 Rb4 19. Nb3 Rab8 20. f5 a5 21.
e6 Be8 22. exf7+ Bxf7 23. Nxa5 Rxb2 24. Qc1 Qxc1 25. Rfxc1 Rxa2 26. Nxc6 Rbb2
27. Rg3 Kf8 28. Re1 Rd2 29. Rb1 Rac2 30. Rb8+ Be8 31. h3 Rxc6 32. Re3 Rxd4 33.
Rexe8+ Kf7 34. Rf8+ Ke7 35. Rbe8+ Kd7 36. Rd8+ Ke7 37. Rde8+ Kd6 38. Rf7 Rf4
39. g3 Rc1+ 40. Kg2 Rc2+ 41. Kg1 Rc1+ 42. Kg2 Rc2+ 1/2-1/2

[Event "XX чемпионат ПФО по шах"]
[Site "Набережные Челн�"]
[Date "2022.03.27"]
[Round "8.19"]
[White "Yusupova, Zhizel"]
[Black "Kamalieva, Azaliya"]
[Result "1-0"]
[WhiteElo "1368"]
[BlackElo "1375"]
[PlyCount "69"]
[EventDate "2022.03.20"]

1. d4 d6 2. c4 Nd7 3. Nf3 e5 4. Nc3 c6 5. g3 Ngf6 6. Qc2 Qc7 7. Bg2 Be7 8. O-O
O-O 9. Rd1 Rb8 10. b4 a6 11. Bb2 b6 12. Rac1 Bb7 13. a4 Rfc8 14. Bh3 Bf8 15.
dxe5 dxe5 16. Ne4 Re8 17. c5 bxc5 18. bxc5 Bc8 19. Nd6 Bxd6 20. cxd6 Qa5 21.
Ba1 c5 22. Bxd7 Nxd7 23. Ng5 g6 24. Qc4 Rf8 25. Bc3 Qb6 26. Ba1 Bb7 27. Ne4 Qc6
28. f3 Rbc8 29. Rc2 h6 30. Rdc1 Kh7 31. Nxc5 Nxc5 32. Qxc5 Qxa4 33. Qxe5 Rg8
34. Rxc8 Bxc8 35. Rxc8 1-0

[Event "XX чемпионат ПФО по шах"]
[Site "Набережные Челн�"]
[Date "2022.03.28"]
[Round "9.1"]
[White "Goltseva, Ekaterina"]
[Black "Nur-Mukhametova, Alisa"]
[Result "1/2-1/2"]
[WhiteElo "2327"]
[BlackElo "2225"]
[PlyCount "72"]
[EventDate "2022.03.20"]

1. d4 Nf6 2. c4 e6 3. Nc3 Bb4 4. e3 d5 5. Nf3 O-O 6. Bd2 b6 7. cxd5 exd5 8. Rc1
a6 9. Bd3 Bb7 10. Ne5 Nbd7 11. f4 Bxc3 12. Bxc3 Nxe5 13. dxe5 Ne4 14. Bxe4 dxe4
15. Qg4 Qd3 16. Kf2 Rae8 17. e6 g6 18. exf7+ Rxf7 19. h4 Bc8 20. Qg3 Qb5 21. h5
g5 22. Kg1 h6 23. Be5 Rxe5 24. fxe5 Qxb2 25. Rc6 Qe2 26. Rxh6 g4 27. Rf6 Rxf6
28. exf6 Be6 29. Kh2 Qc4 30. Qe5 Qd5 31. Qxc7 Qg5 32. Qd8+ Kh7 33. Qe7+ Kh6 34.
Qxe6 Qh4+ 35. Kg1 Qe1+ 36. Kh2 Qh4+ 1/2-1/2

[Event "XX чемпионат ПФО по шах"]
[Site "Набережные Челн�"]
[Date "2022.03.28"]
[Round "9.2"]
[White "Shukhman, Anna"]
[Black "Shafigullina, Zarina"]
[Result "1-0"]
[WhiteElo "2014"]
[BlackElo "2204"]
[PlyCount "91"]
[EventDate "2022.03.20"]

1. e4 c5 2. Nf3 d6 3. d4 cxd4 4. Nxd4 Nf6 5. Nc3 a6 6. Qd3 Nbd7 7. a4 Nc5 8.
Qe3 e5 9. Nb3 Nxb3 10. cxb3 Be6 11. Bc4 Rc8 12. Qe2 Be7 13. Bg5 Bxc4 14. bxc4
Qa5 15. Bxf6 Bxf6 16. O-O Qb4 17. Nd5 Qxc4 18. Qg4 h5 19. Qf3 Bd8 20. Ra3 Qc6
21. Rd1 Qd7 22. h3 h4 23. Rad3 O-O 24. Ne3 Qxa4 25. Qg4 Rc6 26. Rxd6 Rxd6 27.
Rxd6 g6 28. Nf5 Qe8 29. Rd7 b5 30. b4 Bf6 31. Ne3 Qe6 32. Nd5 Bg7 33. Qxh4 Rb8
34. Ra7 Qd6 35. g3 Kf8 36. Qg4 Rd8 37. Qg5 Rc8 38. Kg2 Rb8 39. h4 Kg8 40. h5
gxh5 41. Ne7+ Kf8 42. Qxg7+ Kxg7 43. Nf5+ Kf6 44. Nxd6 Ke6 45. Rxa6 Ke7 46.
Nf5+ 1-0